[Event "GRE-ch Schools Gym-A"]
[Site "Athen"]
[Date "2022.06.12"]
[Round "3"]
[White "Otake, Aineias"]
[Black "Seretis, Nikolaos G"]
[Result "0-1"]
[WhiteElo "1008"]
[BlackElo "1094"]
[PlyCount "100"]
[EventDate "2022.06.12"]
[EventType "swiss"]
[EventRounds "9"]
[EventCountry "GRE"]
[SourceTitle "EXT 2023"]
[Source "ChessBase"]
[SourceDate "2022.10.05"]
[SourceVersion "1"]
[SourceVersionDate "2022.10.05"]
[SourceQuality "1"]

1. d4 d5 2. c4 e6 3. Nc3 Be7 4. Nf3 Nf6 5. Bf4 0-0 6. e3 b6 7. cxd5 Nxd5 8. Nxd5 Qxd5 9. Bd3 Bb7 10. e4 Qd8 11. 0-0 c5 12. Be3 cxd4 13. Bxd4 Nc6 14. Be3 Nb4 15. Bc4 Qxd1 16. Raxd1 Bxe4 17. a3 Bxf3 18. gxf3 Nc6 19. Rd2 Ne5 20. Be2 Rfd8 21. Rfd1 Rxd2 22. Rxd2 Rd8 23. Rxd8+ Bxd8 24. Bf4 Ng6 25. Bb8 a5 26. Kg2 Ne7 27. Kg3 Nd5 28. f4 Bc7 29. Ba7 Nxf4 30. Kf3 Nxe2 31. Kxe2 b5 32. Kd3 Bxh2 33. Bb6 a4 34. Kd4 Bg1 35. Kc3 h5 36. Kb4 h4 37. Kxb5 h3 38. Bc7 h2 39. Bxh2 Bxh2 40. Kxa4 Kf8 41. Kb4 Ke7 42. a4 Kd6 43. Kb5 Kc7 44. a5 Bg1 45. f3 g5 46. b4 f5 47. a6 g4 48. fxg4 fxg4 49. Ka5 g3 50. b5 Bb6+ 0-1